<?xml version="1.0" encoding="UTF-8"?>
<record
    xmlns:xsi="http://www.w3.org/2001/XMLSchema-instance"
    xsi:schemaLocation="http://www.loc.gov/MARC21/slim http://www.loc.gov/standards/marcxml/schema/MARC21slim.xsd"
    xmlns="http://www.loc.gov/MARC21/slim">

  <leader>00754nam1a22002291i 4500</leader>
  <controlfield tag="001">rc\101487</controlfield>
  <controlfield tag="005">20240726011308.0</controlfield>
  <datafield tag="035" ind1=" " ind2=" ">
    <subfield code="a">(NLR Aleph) 005393202</subfield>
  </datafield>
  <datafield tag="090" ind1=" " ind2=" ">
    <subfield code="a">7204885</subfield>
    <subfield code="c">7204885</subfield>
  </datafield>
  <datafield tag="100" ind1=" " ind2=" ">
    <subfield code="a">20021216g19919999u  |0rusy50      ca</subfield>
  </datafield>
  <datafield tag="101" ind1="0" ind2=" ">
    <subfield code="a">rus</subfield>
  </datafield>
  <datafield tag="102" ind1=" " ind2=" ">
    <subfield code="a">RU</subfield>
  </datafield>
  <datafield tag="105" ind1=" " ind2=" ">
    <subfield code="a">y   |||||||||</subfield>
  </datafield>
  <datafield tag="200" ind1="1" ind2=" ">
    <subfield code="a">&#x41E;&#x431;&#x43E;&#x431;&#x449;&#x435;&#x43D;&#x43D;&#x430;&#x44F; &#x442;&#x435;&#x43E;&#x440;&#x435;&#x442;&#x438;&#x43A;&#x43E;-&#x43C;&#x435;&#x442;&#x43E;&#x434;&#x43E;&#x43B;&#x43E;&#x433;&#x438;&#x447;&#x435;&#x441;&#x43A;&#x430;&#x44F; &#x43A;&#x43E;&#x43D;&#x446;&#x435;&#x43F;&#x446;&#x438;&#x44F; &#x43E; &#x436;&#x438;&#x432;&#x43E;&#x439; &#x43F;&#x440;&#x438;&#x440;&#x43E;&#x434;&#x435;</subfield>
    <subfield code="e">[&#x412; 3 &#x43A;&#x43D;.]</subfield>
  </datafield>
  <datafield tag="210" ind1=" " ind2=" ">
    <subfield code="a">&#x41C;&#x430;&#x445;&#x430;&#x447;&#x43A;&#x430;&#x43B;&#x430;</subfield>
    <subfield code="c">&#x414;&#x430;&#x433;. &#x43A;&#x43D;. &#x438;&#x437;&#x434;-&#x432;&#x43E;</subfield>
    <subfield code="d">1991-</subfield>
  </datafield>
  <datafield tag="215" ind1=" " ind2=" ">
    <subfield code="d">21</subfield>
  </datafield>
  <datafield tag="300" ind1=" " ind2=" ">
    <subfield code="a">&#x418;&#x437;&#x434;. &#x43D;&#x430; &#x441;&#x440;&#x435;&#x434;&#x441;&#x442;&#x432;&#x430; &#x430;&#x432;&#x442;.</subfield>
  </datafield>
  <datafield tag="700" ind1=" " ind2="1">
    <subfield code="a">&#x41A;&#x443;&#x448;&#x438;&#x435;&#x432;</subfield>
    <subfield code="b">&#x41D;.&#x41A;.</subfield>
    <subfield code="g">&#x41D;&#x443;&#x440;&#x438;&#x441;&#x43B;&#x430;&#x43D; &#x41A;&#x443;&#x448;&#x438;&#x435;&#x432;&#x438;&#x447;</subfield>
  </datafield>
  <datafield tag="801" ind1=" " ind2="0">
    <subfield code="a">RU</subfield>
    <subfield code="b">NLR</subfield>
    <subfield code="g">psbo</subfield>
  </datafield>
  <datafield tag="801" ind1=" " ind2="1">
    <subfield code="a">RU</subfield>
    <subfield code="b">ELAR</subfield>
    <subfield code="2">rusmarc</subfield>
  </datafield>
  <datafield tag="852" ind1=" " ind2=" ">
    <subfield code="a">NLR</subfield>
    <subfield code="j">92-3/1484</subfield>
  </datafield>
  <datafield tag="942" ind1=" " ind2=" ">
    <subfield code="c">BOOK</subfield>
  </datafield>
</record>
